000 00835cam a2200253 4500
008 090401t1995 xxu||||| |||| 00| 0 eng d
020 _a1851122338
035 _a(Sirsi) u38064
041 _aeng
050 _a333.73
110 _aUnited Kingdom
_bDepartment of the Environment
_9982
245 _aEngineering works: mechanical engineering and ordnance works.
260 _aLondon
_bDepartment of the Environment
_c1995
300 _a26p. ; 30cm.
350 _a10
490 _aDoE Industry Profile
520 _aProfile based on the work by Environmental Assessment Group Ltd. and Aspinwall and Co Ltd., prepared for publication by BRE.
650 _aCONTAMINATED LAND
650 _aMECHANICAL ENGINEERING
650 _aPOLLUTION
690 _aENVIRONMENTAL AND LAND CONSULTANCY
942 _n0
948 _c04/03/1997
999 _c90601
_d90601